Tvorba osobnej kariéry zamestnanca : Diplomová práca

Saved in:
Bibliographic Details
Main Author: Kvardová, Michaela (Author)
Other Authors: Holkovič, Ľubomír, 1949- (xxx)
Format: Manuscript Book
Language:Slovak
Published: Trnava : STU v Bratislave MtF KPIM, 2006
Subjects:
Tags: Add Tag
No Tags, Be the first to tag this record!

MARC

LEADER 00000ntm a22000003a 4500
001 stu121984
005 20160719155437.3
008 060627s2006----xo------------------slo-d
040 |a STU  |b slo 
041 0 |a slo 
044 |a xo 
100 1 |a Kvardová, Michaela  |4 aut 
245 1 |a Tvorba osobnej kariéry zamestnanca :  |b Diplomová práca 
260 |a Trnava :  |b STU v Bratislave MtF KPIM,  |c 2006 
300 |a 91 s  |c príl., 1 CD 
650 7 |a priemyselné inžinierstvo a manažment  |2 stusub 
650 7 |a kariéra  |2 stusub 
700 1 |a Holkovič, Ľubomír,  |d 1949-  |4 xxx  |u M310  |U MTF Ústav inžinierskej pedagogiky a humatitných vied  |T MTF Katedra humanitných vied  |X 1518  |U M310  |Y M310  |7 A000001518 
996 |b 284M073606  |c M*DP-6150  |l MMSKP  |s P  |a 0  |w stu121984_0001